[Event "Tournoi francophone 009 Groupe D"]
[Site "Skype"]
[Date "????.??.??"]
[Round "5.6"]
[White "Dhenain, Sebastien"]
[Black "Porcabeuf, Jean-Marc"]
[Result "0-1"]
[WhiteElo "1244"]
[BlackElo "1098"]
[PlyCount "64"]

1. e4 e5 2. Nf3 Nc6 3. d4 exd4 4. Nxd4 Bc5 5. Nf3 Nf6 6. Nc3 O-O 7. Be2 d6 8.
e5 Nxe5 9. Nxe5 dxe5 10. Qxd8 Rxd8 11. Bg5 Be7 12. O-O Be6 13. Ne4 Nxe4 14.
Bxe7 Nd2 15. Rfd1 Rd7 16. Bg5 f6 17. Bxd2 Rad8 18. Bb5 c6 19. Be2 Rxd2 20. Rxd2
Rxd2 21. Bd1 Bxa2 22. h3 Bd5 23. Bg4 Rxc2 24. Rxa7 Rxb2 25. Bh5 g6 26. Bg4 Rb1+
27. Kh2 Rb2 28. Ra8+ Kg7 29. Rb8 e4 30. Bc8 e3 31. Rxb7+ Rxb7 32. Bxb7 e2 0-1

[Event "Tournoi francophone 009 Groupe D"]
[Site "Skype"]
[Date "????.??.??"]
[Round "5.7"]
[White "Gagnon, Sindy"]
[Black "Canova, Felix"]
[Result "1-0"]
[WhiteElo "1000"]
[BlackElo "1000"]
[PlyCount "29"]

1. e4 e5 2. Nc3 Nf6 3. Nf3 Nc6 4. Bc4 Bc5 5. O-O O-O 6. Qe2 Nd4 7. Nxd4 exd4 8.
Nb5 a6 9. Na3 b5 10. Bd3 b4 11. Nc4 Qe8 12. e5 Nd5 13. Qh5 Nf6 14. exf6 Bd6 15.
Qxh7# 1-0

[Event "Tournoi francophone 009 Groupe D"]
[Site "Skype"]
[Date "????.??.??"]
[Round "6.1"]
[White "Rodriguez, Nathalie"]
[Black "Lecluyse, Koenraad"]
[Result "1-0"]
[WhiteElo "1272"]
[BlackElo "1227"]
[PlyCount "131"]

1. d4 d5 2. Nc3 Nf6 3. Nf3 Nc6 4. Bf4 Bf5 5. Nb5 e6 6. Nxc7+ Kd7 7. Nxa8 Qxa8
8. a3 a5 9. e3 Ne4 10. Be2 Be7 11. Ne5+ Nxe5 12. Bb5+ Kc8 13. Bxe5 f6 14. Bf4
Qa7 15. O-O Qb6 16. a4 g5 17. Bg3 h5 18. h3 h4 19. Bh2 Rg8 20. f3 Nd6 21. Be2
Qxb2 22. Bd3 Bg6 23. Bxg6 Rxg6 24. Qd2 Nc4 25. Qf2 Qc3 26. Rae1 Nd2 27. f4 g4
28. f5 exf5 29. Qxf5+ Kd8 30. Qxg6 Nxf1 31. Qg8+ Kd7 32. Qxg4+ Ke8 33. Kxf1 Bb4
34. Qe6+ Kf8 35. Bd6+ Kg7 36. Bxb4 Qxb4 37. Qg4+ Kf7 38. Qxh4 Qxa4 39. Qh5+ Ke7
40. Qxd5 Qxc2 41. Qxb7+ Ke6 42. d5+ Kd6 43. e4 Qd3+ 44. Re2 Qd1+ 45. Kf2 Qd4+
46. Kf1 Qd1+ 47. Re1 Qd3+ 48. Re2 Qd1+ 49. Kf2 Qd4+ 50. Kf3 Qd3+ 51. Kf2 Qd4+
52. Re3 Qd2+ 53. Kf3 Qd1+ 54. Kf4 Qf1+ 55. Rf3 Qc1+ 56. Kg3 Qg5+ 57. Kh2 Qe5+
58. Rg3 Qxe4 59. Qc6+ Ke5 60. Qc3+ Kd6 61. Qxf6+ Kxd5 62. Rg5+ Kc4 63. Qa6+ Kb4
64. Rb5+ Kc4 65. Rxa5+ Kb4 66. Ra4+ 1-0

[Event "Tournoi francophone 009 Groupe D"]
[Site "Skype"]
[Date "????.??.??"]
[Round "6.2"]
[White "Moumtaz, Abderrahim"]
[Black "Le Bouill, Pierre"]
[Result "1-0"]
[WhiteElo "1292"]
[BlackElo "1265"]
[PlyCount "83"]

1. e4 e5 2. Nf3 Nf6 3. Nxe5 Nxe4 4. Qe2 d5 5. Nf3 c6 6. d3 Qe7 7. dxe4 dxe4 8.
Ng5 Bf5 9. Nc3 h6 10. Ngxe4 Nd7 11. Ng3 Bxc2 12. Qxe7+ Bxe7 13. Be2 Ne5 14. O-O
O-O 15. Bf4 Ng6 16. Be3 Rfd8 17. Rac1 Bd3 18. Bxd3 Rxd3 19. Rfd1 Rxd1+ 20. Rxd1
Ne5 21. Nf5 Bf6 22. Ne4 Bg5 23. Bxg5 hxg5 24. Nxg5 Kf8 25. Nh7+ Kg8 26. Ng5 b5
27. Rc1 Rd8 28. f4 Nc4 29. Ne7+ Kf8 30. Nxc6 Rd2 31. Nh7+ Kg8 32. Ng5 Rxb2 33.
Nxa7 Rxa2 34. Nxb5 Ra4 35. Nd4 Nb6 36. Ne2 g6 37. Rb1 Nd7 38. Rb7 f6 39. Ne6
Kf7 40. Nc5 Ra1+ 41. Kf2 Rd1 42. Nxd7 1-0

[Event "Tournoi francophone 009 Groupe D"]
[Site "Skype"]
[Date "????.??.??"]
[Round "6.3"]
[White "Bacha, Mehdi"]
[Black "Douichi, Mohammed"]
[Result "0-1"]
[WhiteElo "1219"]
[BlackElo "1243"]
[PlyCount "100"]

1. d4 Nf6 2. Nf3 d5 3. g3 Bf5 4. Bg2 Nc6 5. O-O Nb4 6. a3 Nxc2 7. Ra2 e6 8. Nh4
Nxd4 9. Qxd4 Bxb1 10. Qa4+ c6 11. Ra1 Be4 12. Bg5 Bxg2 13. Nxg2 Be7 14. Rad1
O-O 15. f3 Bc5+ 16. Kh1 e5 17. e4 d4 18. Qc2 Qd6 19. b4 Bb6 20. Ne3 g6 21. Nc4
Qe6 22. f4 exf4 23. Bxf6 Qxf6 24. Rxf4 Qe6 25. e5 Qd5+ 26. Re4 c5 27. Ne3 Qc6
28. Qc4 dxe3 29. Rd6 Qc7 30. Kg1 Rad8 31. Rf6 Rd1+ 32. Kg2 Qd7 33. e6 Qd5 34.
exf7+ Rxf7 35. Qxd5 Rxd5 36. Re8+ Kg7 37. Ree6 Rxf6 38. Rxe3 c4 39. Re7+ Rf7
40. Re1 c3 41. Re2 Rf2+ 42. Rxf2 Bxf2 43. Kxf2 c2 44. Kg2 c1=Q 45. Kh3 Qxa3 46.
Kh4 Qxb4+ 47. g4 Qe1+ 48. Kh3 Rd3+ 49. Kg2 Qe2+ 50. Kg1 Rd1# 0-1

[Event "Tournoi francophone 009 Groupe D"]
[Site "Skype"]
[Date "????.??.??"]
[Round "6.4"]
[White "Scata, Laura"]
[Black "Dhenain, Sebastien"]
[Result "1-0"]
[WhiteElo "1304"]
[BlackElo "1244"]
[PlyCount "47"]

1. d4 d5 2. Nf3 Nc6 3. Bf4 Nf6 4. e3 e6 5. h3 h6 6. Bd3 Bb4+ 7. c3 Be7 8. Nbd2
O-O 9. O-O Re8 10. Re1 Nh5 11. Bh2 Nf6 12. e4 Bd6 13. e5 Nxe5 14. dxe5 Be7 15.
exf6 Bxf6 16. Ne5 Bh4 17. Qf3 Bf6 18. Ng4 Bg5 19. Ne5 f5 20. Bf4 Bf6 21. Nf1 g5
22. Bh2 Qd6 23. Qh5 Bd7 24. Qg6+ 1-0

[Event "Tournoi francophone 009 Groupe D"]
[Site "Skype"]
[Date "????.??.??"]
[Round "6.5"]
[White "Morin, Claude"]
[Black "Vervoort, Jean-Louis"]
[Result "1-0"]
[WhiteElo "1018"]
[BlackElo "1217"]
[PlyCount "75"]

1. e4 d5 2. exd5 Qxd5 3. Nc3 Qa5 4. d4 e5 5. Be3 Be6 6. Nf3 e4 7. Nd2 Nf6 8. g3
Bb4 9. Ndb1 Nc6 10. Be2 O-O-O 11. O-O Bxc3 12. Nxc3 Nb4 13. a3 Nbd5 14. Nxd5
Bxd5 15. c3 Rd7 16. Qc2 Re8 17. c4 Be6 18. Kg2 c6 19. Rfd1 Qc7 20. Qa4 a6 21.
Qb4 a5 22. Qa4 b6 23. c5 bxc5 24. Ba6+ Kd8 25. dxc5 Ke7 26. Qc2 Red8 27. Be2
Nd5 28. Bg5+ f6 29. Be3 Nxe3+ 30. fxe3 g5 31. Qxe4 Kf7 32. Qxh7+ Kf8 33. Qh8+
Kf7 34. Qh7+ Kf8 35. Qg6 Rg7 36. Qxf6+ Bf7 37. Rxd8+ Qxd8 38. Qxd8+ 1-0

[Event "Tournoi francophone 009 Groupe D"]
[Site "Skype"]
[Date "????.??.??"]
[Round "6.6"]
[White "Porcabeuf, Jean-Marc"]
[Black "Mimouni, Driss"]
[Result "0-1"]
[WhiteElo "1098"]
[BlackElo "1058"]
[PlyCount "38"]

1. d4 d5 2. c4 c6 3. a3 Nf6 4. Nc3 e6 5. e3 Bd6 6. Nf3 O-O 7. Bd3 h6 8. O-O Ng4
9. Re1 e5 10. dxe5 Nxe5 11. Nxe5 Bxe5 12. Ne4 dxe4 13. Bxe4 Qh4 14. g3 Qxe4 15.
f3 Qg6 16. Kf2 Nd7 17. e4 Nf6 18. f4 Bd6 19. Qxd6 Nxe4+ 0-1

[Event "Tournoi francophone 009 Groupe D"]
[Site "Skype"]
[Date "????.??.??"]
[Round "6.7"]
[White "Massez, Konrad"]
[Black "Canova, Felix"]
[Result "1-0"]
[WhiteElo "1150"]
[BlackElo "1000"]
[PlyCount "79"]

1. e4 e5 2. d4 exd4 3. Qxd4 Nc6 4. Qe3 d5 5. exd5+ Nce7 6. Nc3 Nf6 7. Bc4 Ng4
8. Qf3 Ne5 9. Qe4 Qd6 10. f4 Nxc4 11. Qxc4 c5 12. Nb5 Qd7 13. Qxc5 Nxd5 14. Qc4
a6 15. Nc3 b5 16. Qe4+ Be7 17. Nxd5 Bb7 18. Qe2 Bxd5 19. Nf3 Qe6 20. Be3 Be4
21. O-O Qg4 22. Rae1 h5 23. h3 Rd8 24. hxg4 hxg4 25. Ne5 f6 26. Nxg4 f5 27. Ne5
Rd5 28. Ng6 Rh6 29. Nxe7 Kxe7 30. Rd1 Rdd6 31. Rxd6 Kxd6 32. Rd1+ Ke7 33. c4
Rh4 34. cxb5 axb5 35. Qxb5 Kf6 36. a4 Rg4 37. Rd6+ Kf7 38. Qb8 Ke7 39. Qc7+ Kf8
40. Rd8# 1-0

[Event "Tournoi francophone 009 Groupe D"]
[Site "Skype"]
[Date "????.??.??"]
[Round "7.1"]
[White "Douichi, Mohammed"]
[Black "Rodriguez, Nathalie"]
[Result "1-0"]
[WhiteElo "1243"]
[BlackElo "1272"]
[PlyCount "63"]

1. c4 d5 2. Nc3 c6 3. d4 e6 4. Nf3 Nf6 5. c5 Be7 6. Qc2 h6 7. e3 O-O 8. e4 Nxe4
9. Nxe4 dxe4 10. Qxe4 f5 11. Qc2 Nd7 12. Bc4 Nf6 13. O-O Nd5 14. Ne5 Nb4 15.
Qc3 Nd5 16. Qe1 Nc7 17. Ng6 Rf6 18. Nxe7+ Qxe7 19. Bf4 Nb5 20. Bxb5 cxb5 21.
Bd6 Qd8 22. Rd1 Bd7 23. d5 exd5 24. Be7 Qc7 25. Bxf6 gxf6 26. Rxd5 Qc6 27. Qd1
Rd8 28. b4 a6 29. Rd6 Qc7 30. Qd5+ Kf8 31. Rxf6+ Ke7 32. Qf7# 1-0

[Event "Tournoi francophone 009 Groupe D"]
[Site "Skype"]
[Date "????.??.??"]
[Round "7.2"]
[White "Mimouni, Driss"]
[Black "Moumtaz, Abderrahim"]
[Result "1/2-1/2"]
[WhiteElo "1058"]
[BlackElo "1292"]
[PlyCount "82"]

1. e4 e5 2. c4 Nf6 3. Qc2 Nc6 4. Nf3 Bc5 5. Nc3 Ng4 6. d4 exd4 7. Bg5 f6 8. a3
fxg5 9. h3 d3 10. hxg4 dxc2 11. Rc1 Nd4 12. Nxd4 Bxd4 13. Bd3 d6 14. Nb5 Bb6
15. Rxc2 c5 16. Kd1 Bxg4+ 17. Kc1 a6 18. Nc3 O-O 19. e5 dxe5 20. Bxh7+ Kf7 21.
Nd5 Ba7 22. Be4 Qd7 23. Ne3 Rh8 24. Rxh8 Rxh8 25. Nxg4 Qxg4 26. f3 Qg3 27. Rd2
Rh1+ 28. Kc2 Ke7 29. Bxb7 Rh2 30. Bc6 Rxg2 31. b4 Rxd2+ 32. Kxd2 cxb4 33. axb4
Qg2+ 34. Kc3 Kd6 35. c5+ Kxc6 36. Kb3 Kb5 37. c6 Kxc6 38. Ka4 Bb6 39. b5+ axb5+
40. Ka3 Qxf3+ 41. Kb4 e4 1/2-1/2

[Event "Tournoi francophone 009 Groupe D"]
[Site "Skype"]
[Date "????.??.??"]
[Round "7.3"]
[White "Le Bouill, Pierre"]
[Black "Gagnon, Sindy"]
[Result "0-1"]
[WhiteElo "1265"]
[BlackElo "1000"]
[PlyCount "48"]

1. e4 e5 2. Nf3 Nc6 3. Bc4 Nf6 4. d4 Bb4+ 5. Bd2 d5 6. Bxb4 Nxb4 7. Bb3 dxe4 8.
Nxe5 O-O 9. O-O b6 10. c3 Bb7 11. cxb4 c5 12. bxc5 bxc5 13. dxc5 a5 14. Nc3 a4
15. Bxa4 Ra5 16. b4 Ra8 17. Re1 Qe7 18. Bc2 Qxe5 19. f3 Qg5 20. Nxe4 Nxe4 21.
Bxe4 Rad8 22. Qc2 Rd2 23. Bxh7+ Kh8 24. Be4 Qxg2# 0-1

[Event "Tournoi francophone 009 Groupe D"]
[Site "Skype"]
[Date "????.??.??"]
[Round "7.4"]
[White "Lecluyse, Koenraad"]
[Black "Scata, Laura"]
[Result "0-1"]
[WhiteElo "1227"]
[BlackElo "1304"]
[PlyCount "64"]

1. d4 c6 2. e4 d5 3. exd5 cxd5 4. Nc3 Nf6 5. Bb5+ Bd7 6. Bxd7+ Nbxd7 7. Bg5 e6
8. Bxf6 Nxf6 9. Nf3 Bd6 10. Qd3 a6 11. a4 O-O 12. O-O Qc7 13. g3 Rfb8 14. Ng5
h6 15. Nf3 Qc6 16. b3 b5 17. Kg2 bxa4 18. bxa4 Bb4 19. Nd1 Ne4 20. Ne5 Qc7 21.
c3 Bxc3 22. Nxc3 Nxc3 23. Rac1 Rb3 24. Qf3 Rc8 25. Qg4 Ra3 26. f4 Rxa4 27. f5
Ra2+ 28. Kh1 f6 29. Ng6 e5 30. dxe5 d4 31. Qxd4 Qb7+ 32. Kg1 Qg2# 0-1

[Event "Tournoi francophone 009 Groupe D"]
[Site "Skype"]
[Date "????.??.??"]
[Round "7.5"]
[White "Bacha, Mehdi"]
[Black "Morin, Claude"]
[Result "0-1"]
[WhiteElo "1219"]
[BlackElo "1018"]
[PlyCount "110"]

1. d4 Nf6 2. Nf3 d6 3. g3 e6 4. Bg2 Nc6 5. O-O d5 6. Bg5 Be7 7. c3 b5 8. Bxf6
Bxf6 9. b4 O-O 10. Nbd2 h6 11. e4 dxe4 12. Nxe4 Be5 13. Nxe5 Nxe5 14. dxe5 Qxd1
15. Rfxd1 Bb7 16. Nc5 Bxg2 17. Kxg2 c6 18. Rd6 Rac8 19. Rd7 Rcd8 20. Rad1 Rde8
21. Rxa7 Ra8 22. Rxa8 Rxa8 23. a3 Rxa3 24. Rd8+ Kh7 25. Rd3 Kg6 26. Rf3 Ra1 27.
Rf6+ Kh7 28. Rxf7 Re1 29. Nd3 Rd1 30. Rd7 Rd2 31. Rd6 Kh8 32. Rd8+ Kh7 33. Kf3
Rd1 34. h4 Kg6 35. Ke2 Ra1 36. Nc5 Ra2+ 37. Kf3 Kf7 38. Rd6 Rc2 39. Rxe6 Rxc3+
40. Kg2 Rxc5 41. bxc5 Kxe6 42. Kf3 Kxe5 43. Ke3 Kd5 44. Kd3 Kxc5 45. Kc3 h5 46.
f4 b4+ 47. Kb3 Kb5 48. f5 c5 49. Kb2 c4 50. Kc2 b3+ 51. Kb2 Kb4 52. Kc1 c3 53.
Kb1 Ka3 54. Kc1 c2 55. f6 gxf6 0-1

[Event "Tournoi francophone 009 Groupe D"]
[Site "Skype"]
[Date "????.??.??"]
[Round "7.6"]
[White "Vervoort, Jean-Louis"]
[Black "Dhenain, Sebastien"]
[Result "1-0"]
[WhiteElo "1217"]
[BlackElo "1244"]
[PlyCount "75"]

1. d4 d5 2. c4 e6 3. Nc3 Nf6 4. Bg5 Be7 5. Nf3 Nc6 6. Bxf6 Bxf6 7. e3 O-O 8.
Bd3 e5 9. dxe5 Nxe5 10. Nxe5 Bxe5 11. cxd5 Bxc3+ 12. bxc3 b6 13. e4 Re8 14. O-O
Qg5 15. Qf3 Bg4 16. Qg3 Re5 17. f3 Bh5 18. Qxg5 Rxg5 19. f4 Rg6 20. f5 Rd6 21.
c4 Rad8 22. e5 R6d7 23. e6 fxe6 24. fxe6 Re7 25. Rf2 c6 26. Raf1 Rde8 27. Be4
cxd5 28. cxd5 Rc7 29. Rf5 Bg6 30. R5f4 Bxe4 31. Rxe4 Rec8 32. Ree1 Re7 33. d6
Rb7 34. e7 Re8 35. Rd1 Rd7 36. Kf2 Rc8 37. Rfe1 Rc2+ 38. Kg1 1-0

[Event "Tournoi francophone 009 Groupe D"]
[Site "Skype"]
[Date "????.??.??"]
[Round "7.7"]
[White "Canova, Felix"]
[Black "Porcabeuf, Jean-Marc"]
[Result "0-1"]
[WhiteElo "1000"]
[BlackElo "1098"]
[PlyCount "32"]

1. e4 e5 2. d4 exd4 3. Nf3 Nc6 4. Bd3 Bc5 5. Bg5 Nf6 6. e5 Nxe5 7. Nxe5 O-O 8.
O-O h6 9. b4 Bxb4 10. Bc4 hxg5 11. a3 Bc5 12. Qf3 d5 13. Bxd5 Nxd5 14. c4 Nf6
15. a4 Qe7 16. Qe3 dxe3 0-1

[Event "Tournoi francophone 009 Groupe D"]
[Site "Skype"]
[Date "????.??.??"]
[Round "8.1"]
[White "Rodriguez, Nathalie"]
[Black "Scata, Laura"]
[Result "0-1"]
[WhiteElo "1272"]
[BlackElo "1304"]
[PlyCount "94"]

1. d4 c6 2. Nf3 d5 3. e3 Bf5 4. Be2 e6 5. Nh4 Qxh4 6. g3 Qe4 7. O-O Qxc2 8. Qe1
Qxb1 9. Rxb1 Bxb1 10. a3 Nf6 11. Bd2 Ba2 12. f4 Ne4 13. Bb4 Bxb4 14. Qxb4 b6
15. Ra1 c5 16. dxc5 bxc5 17. Qb5+ Nd7 18. Rxa2 Rb8 19. Qa6 O-O 20. Qxa7 Ndf6
21. Qa5 Ra8 22. Qb6 Rfb8 23. Qc6 Rc8 24. Qb6 Rcb8 25. Qc7 Rc8 26. Qe5 Nd7 27.
Qh5 g6 28. Qh3 Nb6 29. Ra1 Na4 30. b3 Nac3 31. Bf3 Rcb8 32. Qf1 Rxb3 33. Qc1 c4
34. h4 Nxg3 35. h5 Rab8 36. Kg2 Nxh5 37. Bxh5 gxh5 38. Kf3 Kg7 39. Qg1+ Kf8 40.
Qg5 Rb1 41. Qh6+ Ke7 42. Rxb1 Nxb1 43. Qg5+ Kd7 44. Qxh5 c3 45. Qxf7+ Kd6 46.
Qxh7 Nxa3 47. Qc2 Nxc2 0-1

[Event "Tournoi francophone 009 Groupe D"]
[Site "Skype"]
[Date "????.??.??"]
[Round "8.2"]
[White "Moumtaz, Abderrahim"]
[Black "Douichi, Mohammed"]
[Result "1-0"]
[WhiteElo "1292"]
[BlackElo "1243"]
[PlyCount "151"]

1. e4 e5 2. Nf3 Nc6 3. Bb5 Nf6 4. O-O Bd6 5. d4 exd4 6. Nxd4 Nxd4 7. Qxd4 Ng4
8. e5 Qh4 9. h3 Bxe5 10. Qxg4 Qxg4 11. hxg4 O-O 12. Nc3 d6 13. Be2 Be6 14. Ne4
Bd5 15. Ng5 h6 16. Nf3 Bf6 17. c3 Rae8 18. Re1 Bxf3 19. gxf3 Re5 20. Be3 b6 21.
Bd4 Re6 22. Bc4 Rxe1+ 23. Rxe1 Bg5 24. Be3 Bf6 25. f4 g5 26. f5 Re8 27. f3 c6
28. Bd2 Rd8 29. Ba6 d5 30. b4 c5 31. bxc5 bxc5 32. Bd3 c4 33. Be2 Rb8 34. a4
Rb2 35. Bc1 Rc2 36. Kf1 Bxc3 37. Rd1 Ba5 38. Be3 Bb6 39. Bxb6 axb6 40. Rxd5
Rc1+ 41. Rd1 Rc2 42. Rb1 c3 43. Rxb6 Rc1+ 44. Kf2 c2 45. Rc6 Kg7 46. Bd3 Ra1
47. Rxc2 Rxa4 48. Rc7 Kf6 49. Bc4 Ke5 50. Bxf7 Rf4 51. Ke3 Kd6 52. Rc4 Rxc4 53.
Bxc4 Ke5 54. Bd3 Kf6 55. Ke4 Kg7 56. Ke5 Kf7 57. Bc4+ Kg7 58. Ke6 Kf8 59. f6
Kg8 60. Ke7+ Kh7 61. f7 Kg6 62. f8=Q h5 63. Qg8+ Kh6 64. Qh8+ Kg6 65. gxh5+ Kf5
66. Qf8+ Ke5 67. h6 Kd4 68. Qf7 Ke3 69. h7 Kf2 70. h8=Q Kg3 71. Qhg8 Kh4 72.
Qfh7+ Kg3 73. Qxg5+ Kxf3 74. Bd5+ Kf2 75. Qh2+ Ke1 76. Qgg1# 1-0

[Event "Tournoi francophone 009 Groupe D"]
[Site "Skype"]
[Date "????.??.??"]
[Round "8.3"]
[White "Morin, Claude"]
[Black "Le Bouill, Pierre"]
[Result "0-1"]
[WhiteElo "1018"]
[BlackElo "1265"]
[PlyCount "112"]

1. e4 c5 2. d4 d6 3. c3 b6 4. Bb5+ Bd7 5. Be2 Nf6 6. Bf3 g6 7. e5 Bc6 8. exf6
exf6 9. Qe2+ Be7 10. d5 Bb7 11. c4 Nd7 12. Nc3 Ne5 13. Be4 Ba6 14. b3 Qd7 15.
Nf3 f5 16. Nxe5 dxe5 17. Bc2 Bf6 18. O-O O-O 19. Qf3 e4 20. Bxe4 Bxc3 21. Qxc3
fxe4 22. Re1 Rfe8 23. Bh6 f5 24. Bc1 Qg7 25. Bb2 Qxc3 26. Bxc3 b5 27. d6 Rad8
28. Rad1 bxc4 29. Bf6 Rd7 30. Rd5 Re6 31. Bc3 Rexd6 32. Rxd6 Rxd6 33. Be5 Rd5
34. Bc3 cxb3 35. axb3 Rd3 36. Rc1 Bc8 37. Kf1 Be6 38. b4 cxb4 39. Bxb4 Rb3 40.
Be1 a6 41. Rc6 Kf7 42. Rxa6 Bc4+ 43. Kg1 Bxa6 44. g3 Kf6 45. Kg2 h5 46. h4 Rb1
47. Bc3+ Ke6 48. Bd2 Rb2 49. Bc1 Rc2 50. Be3 Rb2 51. Bc1 Rb1 52. Bd2 Bf1+ 53.
Kg1 Be2+ 54. Kg2 Kd5 55. Be3 Bf3+ 56. Kh3 Rh1# 0-1

[Event "Tournoi francophone 009 Groupe D"]
[Site "Skype"]
[Date "????.??.??"]
[Round "8.4"]
[White "Gagnon, Sindy"]
[Black "Vervoort, Jean-Louis"]
[Result "0-1"]
[WhiteElo "1000"]
[BlackElo "1217"]
[PlyCount "50"]

1. e4 e5 2. c3 Nf6 3. d4 d6 4. Nd2 Bg4 5. Ndf3 Nxe4 6. Qd3 Nf6 7. h3 Bxf3 8.
Qxf3 Nc6 9. Bd3 Qd7 10. Ne2 O-O-O 11. Bd2 d5 12. O-O-O e4 13. Qe3 exd3 14. Qxd3
Bd6 15. Rhe1 Rhe8 16. c4 Re7 17. b3 Ba3+ 18. Kc2 Bb4 19. cxd5 Qxd5 20. a3 Bxa3
21. Bb4 Nxb4+ 22. Kc3 Nxd3 23. Kxd3 Qxb3+ 24. Kd2 Bb4+ 25. Nc3 Qxc3# 0-1

[Event "Tournoi francophone 009 Groupe D"]
[Site "Skype"]
[Date "????.??.??"]
[Round "8.6"]
[White "Canova, Felix"]
[Black "Mimouni, Driss"]
[Result "0-1"]
[WhiteElo "1000"]
[BlackElo "1058"]
[PlyCount "98"]

1. e4 e5 2. Nf3 d6 3. d4 Nc6 4. d5 Nb4 5. Bd2 a5 6. Bb5+ c6 7. dxc6 bxc6 8. Bg5
Be7 9. Be3 cxb5 10. Nc3 Bg4 11. O-O Nf6 12. Qe2 O-O 13. Nxb5 Nxe4 14. c3 Nd5
15. Bd2 Nf4 16. Qe3 Bg5 17. h3 Nxd2 18. hxg4 Nxf1 19. Kxf1 Nd5 20. Qxg5 Qxg5
21. Nxg5 Rfe8 22. Rd1 Nf6 23. Nxd6 Red8 24. c4 Rab8 25. b3 Nxg4 26. Kg1 a4 27.
c5 axb3 28. Rb1 b2 29. c6 Rxd6 30. c7 Rc8 31. Ne4 Rd4 32. Rxb2 Rxe4 33. Rb1 Re2
34. f3 Ne3 35. Kh2 Rxg2+ 36. Kh3 h5 37. Rh1 g5 38. Rh2 Rxh2+ 39. Kxh2 Nf1+ 40.
Kg1 Ng3 41. Kg2 h4 42. Kh3 Rxc7 43. Kg4 Rc4+ 44. Kxg5 h3 45. f4 exf4 46. Kg4 h2
47. Kf3 h1=Q+ 48. Kg4 f3+ 49. Kxg3 Qg2# 0-1

[Event "Tournoi francophone 009 Groupe D"]
[Site "Skype"]
[Date "????.??.??"]
[Round "8.7"]
[White "Porcabeuf, Jean-Marc"]
[Black "Bacha, Mehdi"]
[Result "1-0"]
[WhiteElo "1098"]
[BlackElo "1219"]
[PlyCount "53"]

1. e4 c5 2. Nf3 Nf6 3. Nc3 Nc6 4. Bc4 e6 5. d4 d5 6. exd5 exd5 7. Bd3 cxd4 8.
Nb5 Bc5 9. h3 a6 10. Na3 O-O 11. O-O Re8 12. c3 dxc3 13. bxc3 Qd6 14. Nc2 d4
15. Ncxd4 Nxd4 16. Nxd4 Bxd4 17. cxd4 Qxd4 18. Bxh7+ Kxh7 19. Qxd4 Be6 20. Bg5
Nd5 21. Qh4+ Kg8 22. Rae1 Rac8 23. Qg3 Nc3 24. Bf6 Bg4 25. Qxg4 g6 26. Rxe8+
Rxe8 27. Bxc3 1-0

[Event "Tournoi francophone 009 Groupe D"]
[Site "Skype"]
[Date "????.??.??"]
[Round "9.1"]
[White "Moumtaz, Abderrahim"]
[Black "Vervoort, Jean-Louis"]
[Result "1/2-1/2"]
[WhiteElo "1292"]
[BlackElo "1217"]
[PlyCount "50"]

1. d4 d5 2. c4 Nf6 3. cxd5 Nxd5 4. e4 Nf6 5. Nc3 Bg4 6. Nf3 Bxf3 7. Qxf3 e6 8.
Bg5 Qxd4 9. Bxf6 Qxf6 10. Qxf6 gxf6 11. Nb5 Na6 12. Be2 O-O-O 13. Nxa7+ Kb8 14.
Nb5 Bb4+ 15. Nc3 Rd7 16. O-O Rhd8 17. Rad1 Bxc3 18. Rxd7 Rxd7 19. bxc3 Kc8 20.
Rd1 Nc5 21. Rxd7 Kxd7 22. f3 c6 23. Kf2 Na4 24. c4 Nc3 25. a3 Nxe2 1/2-1/2

[Event "Tournoi francophone 009 Groupe D"]
[Site "Skype"]
[Date "????.??.??"]
[Round "9.3"]
[White "Le Bouill, Pierre"]
[Black "Douichi, Mohammed"]
[Result "0-1"]
[WhiteElo "1265"]
[BlackElo "1243"]
[PlyCount "65"]

1. Nf3 d5 2. g3 Bf5 3. Bg2 Nf6 4. c3 Nc6 5. d3 e5 6. d4 e4 7. Ne5 Qd6 8. Bf4
Qe6 9. Nd2 Bd6 10. f3 Nxe5 11. dxe5 Bxe5 12. Bxe5 Qxe5 13. fxe4 dxe4 14. Nc4
Qe6 15. Ne3 Bg6 16. Qa4+ c6 17. Qc2 O-O 18. O-O Rfe8 19. b3 Qe5 20. Qd2 Rad8
21. Qe1 Qc5 22. Qf2 Qxc3 23. Rac1 Qb2 24. Rc2 Qd4 25. Rd1 Qxd1+ 26. Nxd1 Rxd1+
27. Bf1 e3 28. Qf4 Bxc2 29. Qc4 Bf5 30. b4 Bh3 31. Qf4 Rxf1+ 32. Qxf1 Bxf1 33.
Kxf1 0-1

[Event "Tournoi francophone 009 Groupe D"]
[Site "Skype"]
[Date "????.??.??"]
[Round "9.4"]
[White "Scata, Laura"]
[Black "Porcabeuf, Jean-Marc"]
[Result "1-0"]
[WhiteElo "1304"]
[BlackElo "1098"]
[PlyCount "55"]

1. d4 d5 2. Nf3 Nf6 3. h3 c6 4. Bf4 Bf5 5. e3 e6 6. Bd3 Bxd3 7. cxd3 Nbd7 8.
Nbd2 Nh5 9. Bh2 Be7 10. e4 dxe4 11. dxe4 O-O 12. e5 f5 13. exf6 Rxf6 14. g4 Nf4
15. Bxf4 Rxf4 16. Qb3 Qf8 17. Qxe6+ Kh8 18. Qxd7 Rd8 19. Qe6 Bh4 20. O-O Re8
21. Qb3 Re2 22. Qd3 Rxd2 23. Nxd2 Bxf2+ 24. Kg2 Bh4 25. Rf3 h5 26. Raf1 hxg4
27. Rxf4 Qd6 28. Rf8+ 1-0

[Event "Tournoi francophone 009 Groupe D"]
[Site "Skype"]
[Date "????.??.??"]
[Round "9.6"]
[White "Mimouni, Driss"]
[Black "Gagnon, Sindy"]
[Result "1/2-1/2"]
[WhiteElo "1058"]
[BlackElo "1000"]
[PlyCount "97"]

1. e4 e5 2. d4 d5 3. Nc3 Bd6 4. Nxd5 Qd7 5. Bb5 Qxb5 6. Nc3 Qd7 7. Nf3 f6 8.
O-O Ne7 9. Nd5 Nxd5 10. exd5 exd4 11. Re1+ Be7 12. Re6 Qxd5 13. Re2 g5 14. Qe1
h5 15. Rxe7+ Kf8 16. Re8+ Kg7 17. Qe7+ Qf7 18. Qxf7+ Kxf7 19. Rxh8 Kg7 20. Rxc8
g4 21. Nxd4 Kg6 22. Rxc7 Na6 23. Rxb7 Rd8 24. Be3 Nc5 25. Ne6 Nxb7 26. Nxd8
Nxd8 27. Rd1 Ne6 28. Bxa7 f5 29. Rd6 Kf7 30. Bb8 h4 31. a4 f4 32. Rd7+ Kf6 33.
Rd6 Kg5 34. Rxe6 Kf5 35. Re5+ Kf6 36. a5 g3 37. fxg3 hxg3 38. hxg3 f3 39. gxf3
Kf7 40. Rf5+ Ke6 41. g4 Kd7 42. Be5 Kc6 43. b4 Kb5 44. Bc7+ Kxb4 45. a6 Kc3 46.
Rc5+ Kb4 47. Bd6 Ka4 48. a7 Kb4 49. a8=Q 1/2-1/2